| 000 | 01141nam a2200325Ia 4500 | ||
|---|---|---|---|
| 001 | 365279 | ||
| 003 | EC-QuCCB | ||
| 005 | 20240404161945.0 | ||
| 007 | ta | ||
| 008 | 130917s2023 ec a jr 000 jdspa d | ||
| 020 | _a978-9978-80-368-4 | ||
| 040 | _aEC-QuCCB | ||
| 041 | _aspa | ||
| 082 |
_aI Ec863 _bD3521 _b2023 |
||
| 100 | 1 |
_92172 _aDelgado Santos, Francisco, _d1950- |
|
| 245 | 1 | 0 |
_aCuando atacan los monstruos _cFrancisco Delgado Santos |
| 250 |
_aPrimera edición, _bquinta reimpresión |
||
| 260 |
_aQuito, Ecuador : _bLibresa, _c2018 |
||
| 300 |
_a24 páginas : _bilustraciones ; _c21 cm |
||
| 336 |
_atexto _btxt |
||
| 337 |
_ano mediado _bn |
||
| 338 |
_avolumen _bnc |
||
| 490 | 0 | _aGarabato | |
| 520 | _a¡Ja, ja, ja, ja! ¡Por fin llegaste, pequeña golosina! ¡Te estaba esperando para comerte a pedacitos! Y mientras se ríe, deja de ver unos dientes puntiagudos, como los de un vampiro; afilados, como los de un cuchillo... | ||
| 521 | _aNiños de 10 a 12 años | ||
| 590 | _abgg | ||
| 650 | 4 |
_aCuentos infantiles ecuatorianos _911844 |
|
| 650 | 4 |
_aLiteratura infantil ecuatoriana _913897 |
|
| 942 |
_2ddc _cBK |
||
| 999 |
_c82136 _d82136 |
||